<?xml version="1.0" encoding="UTF-8"?><?xml-stylesheet type="text/xsl" href="static/style.xsl"?><OAI-PMH xmlns="http://www.openarchives.org/OAI/2.0/" xmlns:xsi="http://www.w3.org/2001/XMLSchema-instance" xsi:schemaLocation="http://www.openarchives.org/OAI/2.0/ http://www.openarchives.org/OAI/2.0/OAI-PMH.xsd"><responseDate>2026-04-29T04:09:51Z</responseDate><request verb="GetRecord" identifier="oai:repisalud.isciii.es:20.500.12105/19981" metadataPrefix="marc">https://repisalud.isciii.es/rest/oai/request</request><GetRecord><record><header><identifier>oai:repisalud.isciii.es:20.500.12105/19981</identifier><datestamp>2024-11-29T00:11:13Z</datestamp><setSpec>com_20.500.12105_15322</setSpec><setSpec>com_20.500.12105_2051</setSpec><setSpec>col_20.500.12105_16967</setSpec></header><metadata><record xmlns="http://www.loc.gov/MARC21/slim" xmlns:dcterms="http://purl.org/dc/terms/" xmlns:doc="http://www.lyncode.com/xoai" xmlns:xsi="http://www.w3.org/2001/XMLSchema-instance" xsi:schemaLocation="http://www.loc.gov/MARC21/slim http://www.loc.gov/standards/marcxml/schema/MARC21slim.xsd">
   <leader>00925njm 22002777a 4500</leader>
   <datafield ind2=" " ind1=" " tag="042">
      <subfield code="a">dc</subfield>
   </datafield>
   <datafield ind2=" " ind1=" " tag="720">
      <subfield code="a">Leiva Rus, Alfonso</subfield>
      <subfield code="e">author</subfield>
   </datafield>
   <datafield ind2=" " ind1=" " tag="720">
      <subfield code="a">Estela Mantolan, Andreu</subfield>
      <subfield code="e">author</subfield>
   </datafield>
   <datafield ind2=" " ind1=" " tag="720">
      <subfield code="a">Torrent Quetglas, Maties</subfield>
      <subfield code="e">author</subfield>
   </datafield>
   <datafield ind2=" " ind1=" " tag="720">
      <subfield code="a">Calafat, Amador</subfield>
      <subfield code="e">author</subfield>
   </datafield>
   <datafield ind2=" " ind1=" " tag="720">
      <subfield code="a">Bennasar-Veny, Miquel</subfield>
      <subfield code="e">author</subfield>
   </datafield>
   <datafield ind2=" " ind1=" " tag="720">
      <subfield code="a">Yáñez, Aina M</subfield>
      <subfield code="e">author</subfield>
   </datafield>
   <datafield ind2=" " ind1=" " tag="260">
      <subfield code="c">2014-04-16</subfield>
   </datafield>
   <datafield ind2=" " ind1=" " tag="520">
      <subfield code="a">Background: The likelihood of an adolescent taking up smoking may be influenced by his or her society, school and family. Thus, changes in the immediate environment may alter a young person's perception of smoking. Methods/Design: The proposed multi-center, cluster-randomized controlled trial will be stratified by the baseline prevalence of smoking in schools. Municipalities with fewer than 100,000 inhabitants will be randomly assigned to a control or intervention group. One secondary school will be randomly selected from each municipality. These schools will be randomized to two groups: the students of one will receive any existing educational course regarding smoking, while those of the other school will receive a four-year, class-based curriculum intervention (22 classroom lessons) aimed at reinforcing a smoke-free school policy and encouraging smoking cessation in parents, pupils, and teachers. The intervention will also include annual meetings with parents and efforts to empower adolescents to change the smoking-related attitudes and behaviors in their homes, classrooms and communities. We will enroll children aged 12-13 years as they enter secondary school during two consecutive school years (to obtain sufficient enrolled subjects). We will follow them for five years, until two years after they leave secondary school. All external evaluators and analysts will be blinded to school allocation. The aim of this study is to analyze the effectiveness of a complex intervention in reducing the prevalence of smoking in the third year of compulsory secondary education (ESO) and two years after secondary school, when the participants are 14-15 and 17-18 years old, respectively. Discussion: Most interventions aimed at preventing smoking among adolescents yield little to no positive long-term effects. This clinical trial will analyze the effectiveness of a complex intervention aimed at reducing the incidence and prevalence of smoking in this vulnerable age group.</subfield>
   </datafield>
   <datafield ind1="8" ind2=" " tag="024">
      <subfield code="a">Leiva A, Estela Mantolan A, Torrent Quetglas M, Calafat A, Bennasar-Veny M, Yañez AM. Effectiveness of a complex intervention in reducing the prevalence of smoking among adolescents: study design of a cluster-randomized controlled trial. BMC Public Health. 2014 Apr 16;14:373.</subfield>
   </datafield>
   <datafield ind1="8" ind2=" " tag="024">
      <subfield code="a">1471-2458</subfield>
   </datafield>
   <datafield ind1="8" ind2=" " tag="024">
      <subfield code="a">http://hdl.handle.net/20.500.13003/11275</subfield>
   </datafield>
   <datafield ind1="8" ind2=" " tag="024">
      <subfield code="a">http://hdl.handle.net/20.500.12105/19981</subfield>
   </datafield>
   <datafield ind1="8" ind2=" " tag="024">
      <subfield code="a">24739452</subfield>
   </datafield>
   <datafield ind1="8" ind2=" " tag="024">
      <subfield code="a">10.1186/1471-2458-14-373</subfield>
   </datafield>
   <datafield ind1="8" ind2=" " tag="024">
      <subfield code="a">BMC Public Health</subfield>
   </datafield>
   <datafield ind1="8" ind2=" " tag="024">
      <subfield code="a">2-s2.0-84899984032</subfield>
   </datafield>
   <datafield ind1="8" ind2=" " tag="024">
      <subfield code="a">335503000001</subfield>
   </datafield>
   <datafield ind1="8" ind2=" " tag="024">
      <subfield code="a">L604993266</subfield>
   </datafield>
   <datafield tag="653" ind2=" " ind1=" ">
      <subfield code="a">Adolescent</subfield>
   </datafield>
   <datafield tag="653" ind2=" " ind1=" ">
      <subfield code="a">Intervention study</subfield>
   </datafield>
   <datafield tag="653" ind2=" " ind1=" ">
      <subfield code="a">Randomized controlled trial</subfield>
   </datafield>
   <datafield tag="653" ind2=" " ind1=" ">
      <subfield code="a">Risk-reducing behavior</subfield>
   </datafield>
   <datafield tag="653" ind2=" " ind1=" ">
      <subfield code="a">Schools</subfield>
   </datafield>
   <datafield ind2="0" ind1="0" tag="245">
      <subfield code="a">Effectiveness of a complex intervention in reducing the prevalence of smoking among adolescents: study design of a cluster-randomized controlled trial</subfield>
   </datafield>
</record></metadata></record></GetRecord></OAI-PMH>